So sánh năng suất 5 loại bắp vàng (Zea mays L.): Tainan 5, Western Yellow, Guatemala, Cupurico, và Indonesia dùng nuôi gia súc tại Việt Nam
محفوظ في:
| المؤلف الرئيسي: | |
|---|---|
| التنسيق: | كتاب |
| اللغة: | Undetermined |
| منشور في: |
Cần Thơ
Viện Đại Học Cần Thơ - Đại Học Nông Nghiệp
1974
|
| الموضوعات: | |
| الوسوم: |
إضافة وسم
لا توجد وسوم, كن أول من يضع وسما على هذه التسجيلة!
|
| Thư viện lưu trữ: | Trung tâm Học liệu Trường Đại học Cần Thơ |
|---|
| LEADER | 00692nam a2200181Ia 4500 | ||
|---|---|---|---|
| 001 | CTU_33578 | ||
| 008 | 210402s9999 xx 000 0 und d | ||
| 082 | |a 633.15 | ||
| 082 | |b V308 | ||
| 100 | |a Nguyễn Anh Việt | ||
| 245 | 0 | |a So sánh năng suất 5 loại bắp vàng (Zea mays L.): Tainan 5, Western Yellow, Guatemala, Cupurico, và Indonesia dùng nuôi gia súc tại Việt Nam | |
| 245 | 0 | |c Nguyễn Anh Việt | |
| 260 | |a Cần Thơ | ||
| 260 | |b Viện Đại Học Cần Thơ - Đại Học Nông Nghiệp | ||
| 260 | |c 1974 | ||
| 650 | |a corn,field crops | ||
| 904 | |i Minh, 991103 | ||
| 980 | |a Trung tâm Học liệu Trường Đại học Cần Thơ | ||